The Atmosphere over Mountainous Regions (Record no. 11839)
[ view plain ]
| 000 -LEADER | |
|---|---|
| fixed length control field | 00683nam a2200133Ia 4500 |
| 008 - FIXED-LENGTH DATA ELEMENTS--GENERAL INFORMATION | |
| fixed length control field | 220615s9999||||xx |||||||||||||| ||und|| |
| 022 ## - INTERNATIONAL STANDARD SERIAL NUMBER | |
| International Standard Serial Number | 16648714 |
| 100 ## - MAIN ENTRY--PERSONAL NAME | |
| Personal name | Haraldur Olafsson||Daniel J. Kirshbaum||Ivana Stiperski||Miguel A. C. Teixeira||Peter F. Sheridan |
| 245 #4 - TITLE STATEMENT | |
| Title | The Atmosphere over Mountainous Regions |
| 546 ## - LANGUAGE NOTE | |
| Language note | English[eng] |
| 650 ## - SUBJECT ADDED ENTRY--TOPICAL TERM | |
| Topical term or geographic name entry element | Turbulent fluxes||Downslope winds||Large eddy simulation||Sub-mesoscale circulations||orographic precipitation||Thermally-driven flows||Horizontal inhomogeneity||Cold air pools||Hydraulic jumps||mountain waves |
| 856 ## - ELECTRONIC LOCATION AND ACCESS | |
| Uniform Resource Identifier | <a href="http://journal.frontiersin.org/researchtopic/3327/the-atmosphere-over-mountainous-regions">http://journal.frontiersin.org/researchtopic/3327/the-atmosphere-over-mountainous-regions</a> |
| 942 ## - ADDED ENTRY ELEMENTS (KOHA) | |
| Koha item type | E-Books |
| Withdrawn status | Lost status | Damaged status | Not for loan | Home library | Current library | Date acquired | Total Checkouts | Date last seen | Price effective from | Koha item type |
|---|---|---|---|---|---|---|---|---|---|---|
| Kerala University of Digital Sciences, Innovation and Technology Knowledge Centre | Kerala University of Digital Sciences, Innovation and Technology Knowledge Centre | 15/06/2022 | 15/06/2022 | 15/06/2022 | E-Books |